| Tag |
First Indicator |
Second Indicator |
Subfields |
| LEADER |
00000pam a2200000 a 4500 |
| 001 |
in00001409927 |
| 005 |
20151020070421.0 |
| 008 |
951004s1995 nyua j 000 0 eng |
| 010 |
|
|
|a 95039210
|
| 020 |
|
|
|a 068814666X
|
| 020 |
|
|
|a 0688147240 (lib. bdg.)
|
| 035 |
|
|
|a (OCoLC)33333747
|
| 035 |
|
|
|9 AHP8864AM
|
| 040 |
|
|
|a DLC
|c DLC
|d UtOrBLW
|
| 043 |
|
|
|a n-us-ok
|
| 049 |
|
|
|a TXAG
|
| 050 |
0 |
0 |
|a HV6432
|b .L35 1996
|
| 082 |
0 |
0 |
|a 976.6/38
|2 20
|
| 100 |
1 |
|
|a Lamb, Nancy.
|
| 245 |
1 |
0 |
|a One April morning :
|b children remember the Oklahoma City bombing /
|c by Nancy Lamb and the children of Oklahoma City ; illustrated by Floyd Cooper.
|
| 250 |
|
|
|a 1st ed.
|
| 264 |
|
1 |
|a New York :
|b Lothrop, Lee & Shepard Books,
|c [1996]
|
| 264 |
|
4 |
|c ©1996
|
| 300 |
|
|
|a 1 volume (unpaged) :
|b color illustrations ;
|c 29 cm.
|
| 336 |
|
|
|a text
|b txt
|2 rdacontent
|
| 337 |
|
|
|a unmediated
|b n
|2 rdamedia
|
| 338 |
|
|
|a volume
|b nc
|2 rdacarrier
|
| 520 |
|
|
|a Conversations with children from the Oklahoma City area about their feelings at the time of the bombing of the Federal Building and afterwards.
|
| 650 |
|
0 |
|a Oklahoma City Federal Building Bombing, Oklahoma City, Okla., 1995
|x Juvenile literature.
|
| 650 |
|
0 |
|a Children
|z Oklahoma
|z Oklahoma City
|x Psychology
|x Juvenile literature.
|
| 650 |
|
0 |
|a Post-traumatic stress disorder in children
|z Oklahoma
|z Oklahoma City
|x Juvenile literature.
|
| 650 |
|
1 |
|a Oklahoma City Federal Building Bombing, Oklahoma City, Okla., 1995.
|
| 650 |
|
1 |
|a Psychic trauma.
|
| 700 |
1 |
|
|a Cooper, Floyd,
|e illustrator.
|
| 999 |
|
|
|a MARS
|
| 999 |
f |
f |
|s 712c9642-9a30-332a-8684-fa87f9231d3f
|i 59a0494f-bb49-3363-a7f5-5ac983ce7210
|t 0
|
| 952 |
f |
f |
|p ric
|a Texas A&M University
|b Rellis Campus
|c Joint Library Facility
|d Remote Storage
|t 0
|e HV6432 .L35 1996
|h Library of Congress classification
|i unmediated -- volume
|m A14822371034
|
| 998 |
f |
f |
|a HV6432 .L35 1996
|t 0
|l Remote Storage
|